000 01001nam a2200265Ia 4500
003 OSt
005 20220930190026.0
006 a|||||r|||| 00| 0
007 ta
008 220926b |||||||| |||| 00| 0 hin d
020 _a8170551331 (hbk)
_c350
024 _a1198
037 _b1214, 02/03/2009, Pioneer Books Distributors
_cTextbook
040 _aCRL
_cCRL
_bhin
041 _2hin
_ahin
082 _aY5927, 152P2;P8
100 _aदुबे, अभय कुमार
_9160371
245 0 _aआधुनिकता के आईने में दलित
246 _aTulasī kī sāhitya - sādhanā
260 _aनई दिल्ली,
_bवाणी प्रकाशन, भारत
_c2002
300 _a422पृ0
_ccm.
490 _aलोकचिंतन ग्रन्थमाला
942 _hY5927, 152P2;P8
_cTB
_2CC
999 _c891474
_d891474